Inanimate Insanity all Character quiz - Statistics

General Stats
  • This quiz has been taken 490 times
  • The average score is 45 of 55
Answer Stats
Team Answer % Correct
Epic Lightbulb
94%
Bright Light Lightbulb
94%
Epic Nickel
92%
Grand Slam Nickel
92%
Sinker Nickel
92%
Chickenleg OJ
92%
Thinker OJ
92%
Epic Paintbrush
91%
Bright Light Paintbrush
91%
Thinker Paintbrush
91%
Epic Baseball
90%
Grand Slam Baseball
90%
Chickenleg Taco
90%
Chickenleg Balloon
89%
Grand Slam Balloon
89%
Sinker Balloon
89%
Epic Knife
88%
Grand Slam Knife
88%
Bright Light Fan
87%
Pinker Fan
87%
Bright Light Test Tube
86%
Pinker Test Tube
86%
Epic Paper
85%
Bright Light Yin-Yang
85%
Thinker Yin-Yang
85%
Chickenleg Salt
84%
None MePhone
83%
Chickenleg Pepper
83%
Chickenleg Pickle
83%
Grand Slam Microphone
82%
Epic Apple
81%
Bright Light Apple
81%
Pinker Cabby
80%
Thinker Candle
80%
Sinker Lifering
80%
Grand Slam Trophy
79%
Grand Slam Box
78%
Sinker Box
78%
Pinker Goo
78%
None MePad
78%
Thinker Silver Spoon
78%
Grand Slam Suitcase
78%
Sinker Tea Kettle
78%
Sinker Blueberry
76%
Grand Slam Soap
76%
None Toilet
76%
Pinker Clover
75%
Bright Light Tissues
74%
Chickenleg Bomb
72%
Grand Slam Cheesy
71%
Bright Light Cherries
71%
Thinker The Floor
71%
Epic Marshmellow
69%
Pinker Bowbot
66%
Grand Slam Dough
63%
No matching quizzes found
Score Distribution
Percent of People with Each Score
Percentile by Number Answered
Your Score History
You have not taken this quiz